00310pab a2200121 454500008004000000100002000040245005500060260000900115300001300124362000900137650002300146773001900169180718b2014 xxu||||| |||| 00| 0 eng d aMedina, Kathryn aProject and program management come into their own c2014 ap.25-26. aFall aProject management aPublic Manager